Evidence-based design of elementary and secondary schools / (Record no. 1)

000 -LEADER
fixed length control field 00601nam a2200205 a 4500
001 - CONTROL NUMBER
control field 1
003 - CONTROL NUMBER IDENTIFIER
control field BD-DhUET
008 - FIXED-LENGTH DATA ELEMENTS--GENERAL INFORMATION
fixed length control field 100114s2010 njuaef b 001 0 eng
020 ## - INTERNATIONAL STANDARD BOOK NUMBER
International Standard Book Number 9780470289105
040 ## - CATALOGING SOURCE
Original cataloging agency DDC
Transcribing agency DDC
Modifying agency BD-DhUET
082 ## - DEWEY DECIMAL CLASSIFICATION NUMBER
Classification number 721.10973
Item number LIP/2010
100 1# - MAIN ENTRY--PERSONAL NAME
Personal name Lippman, Peter C.
245 10 - TITLE STATEMENT
Title Evidence-based design of elementary and secondary schools /
Statement of responsibility, etc. by Peter C. Lippman.
250 ## - EDITION STATEMENT
Edition statement 1st ed.
260 ## - PUBLICATION, DISTRIBUTION, ETC. (IMPRINT)
Place of publication, distribution, etc. New Jersy :
Name of publisher, distributor, etc. John Wiley & Sons,
Date of publication, distribution, etc. 2010.
300 ## - PHYSICAL DESCRIPTION
Extent xi, 337 p.
504 ## - BIBLIOGRAPHY, ETC. NOTE
Bibliography, etc Includes bibliographies
650 #0 - SUBJECT ADDED ENTRY--TOPICAL TERM
Topical term or geographic name as entry element Architecture-Schools-Unites States
Geographic subdivision United States
942 ## - ADDED ENTRY ELEMENTS (KOHA)
Koha item type General Book
Holdings
Koha item type Withdrawn status Not for loan Lost status Koha issues (times borrowed) Piece designation (barcode) Koha date last seen Location (home branch) Koha date last borrowed Koha full call number Date acquired Copy number Koha normalized classification for sorting Shelving location Damaged status Sublocation or collection (holding branch) Price effective from Koha out on loan Source of classification or shelving scheme
General Book   41103972014-08-17Central Library, BUET2014-08-17721.10973/LIP/20102014-07-131721_000000000000000_10973LIP20Circulation section Central Library, BUET2014-07-13  
General Book   11103982017-05-31Central Library, BUET2017-05-31721.10973/LIP/20102014-07-132721_000000000000000_10973LIP20Circulation section Central Library, BUET2014-07-132018-05-31